Paesi occupati dall'Asse durante la seconda guerra mondiale - Statistics

Statistiche generali
  • Questo quiz è stato fatto 534 volte
  • Il punteggio medio è 47 su 69
Statistiche sulle risposte
% Paese % Corretto
86 Francia
97%
100 Italia
95%
10 Russia
92%
100 Austria
91%
100 Grecia
90%
30 Cina
89%
100 Polonia
89%
100 Albania
87%
100 Belgio
87%
100 Norvegia
87%
100 Ungheria
87%
100 Romania
86%
100 Slovacchia
86%
100 Bulgaria
85%
100 Estonia
85%
100 Germania
85%
100 Repubblica Ceca
85%
2 Danimarca
84%
100 Lettonia
84%
100 Paesi Bassi
84%
100 Slovenia
84%
100 Ucraina
84%
100 Croazia
83%
100 Lituania
83%
100 Serbia
83%
100 Finlandia
81%
100 Giappone
81%
100 Libia
80%
100 Lussemburgo
80%
100 Montenegro
79%
100 Bielorussia
78%
40 Egitto
78%
100 Bosnia ed Erzegovina
75%
100 Etiopia
75%
< 1 Stati Uniti (Isole Aleutine / Guam)
75%
100 Eritrea
73%
95 Indonesia
71%
100 Kosovo
70%
100 Corea del Nord
68%
100 Corea del Sud
68%
100 Macedonia
68%
100 Somalia
68%
< 1 Regno Unito (Isole del Canale)
67%
100 Vietnam
67%
< 1 Australia (Christmas Island)
66%
< 1 India (Andamane e Nicobare)
66%
100 Filippine
65%
? Laos
63%
100 Tunisia
63%
100 Cambogia
61%
100 Moldavia
61%
100 Thailandia
61%
100 Birmania
56%
100 Malesia
56%
100 Taiwan
54%
100 Monaco
48%
100 Singapore
48%
90 Papua Nuova Guinea
44%
< 5 Sudan
39%
100 Brunei
38%
100 Stati Federati di Micronesia
35%
100 Timor Est
35%
100 Iraq
33%
100 Isole Marshall
33%
100 Palau
33%
? Isole Salomone
31%
100 Nauru
29%
? Kiribati
26%
< 5 Kenya
25%
Nessun quiz corrispondente trovato
Distribuzione punteggi
Percentuale di utenti per punteggio
Percentile per numero di risposta
I tuoi punteggi nel tempo
Non hai fatto questo quiz